[Event "Hochsauerland-ch U14"]
[Site "Foeckinghausen"]
[Date "2003.01.03"]
[Round "1"]
[White "Te Pahs, Lukas"]
[Black "Abraham, Roman"]
[Result "0-1"]
[WhiteElo "1151"]
[BlackElo "1370"]
[PlyCount "30"]
[EventDate "2003.01.??"]
[EventType "swiss"]
[EventRounds "5"]
[EventCountry "GER"]
[SourceTitle "EXT 2005"]
[Source "ChessBase"]
[SourceDate "2004.11.15"]
[SourceVersion "1"]
[SourceVersionDate "2004.11.15"]
[SourceQuality "1"]

1. e4 e5 2. Bc4 Nc6 3. Nf3 Bc5 4. 0-0 d6 5. Nc3 Bb4 6. Nb5 a6 7. Nc3 Nf6 8. d3 h6 9. Nd5 Nd4 10. Nxf6+ Qxf6 11. c3 Nxf3+ 12. gxf3 Bh3 13. Qa4+ c6 14. Re1 Qg6+ 15. Kh1 Qg2# 0-1

[Event "Hochsauerland-ch U14"]
[Site "Winterberg"]
[Date "2002.01.02"]
[Round "1"]
[White "Goldbach, Johannes"]
[Black "Abraham, Roman"]
[Result "1-0"]
[WhiteElo "1426"]
[BlackElo "1209"]
[PlyCount "69"]
[EventDate "2002.01.02"]
[EventType "swiss"]
[EventRounds "5"]
[EventCountry "GER"]
[SourceTitle "EXT 2005"]
[Source "ChessBase"]
[SourceDate "2004.11.15"]
[SourceVersion "1"]
[SourceVersionDate "2004.11.15"]
[SourceQuality "1"]

1. e4 e5 2. Nf3 Nc6 3. Bc4 Nf6 4. d3 d6 5. Ng5 Be6 6. Bxe6 fxe6 7. Nxe6 Qe7 8. Nxf8 Qxf8 9. Nc3 0-0-0 10. 0-0 h6 11. Be3 a6 12. d4 g5 13. d5 Ne7 14. h3 Qg7 15. Ne2 Nxe4 16. Nc1 Nf6 17. Nb3 b6 18. Qd3 a5 19. Qa6+ Kb8 20. Bd2 Nfxd5 21. Bxa5 Nc6 22. Qc4 Nxa5 23. Nxa5 Nf6 24. Nc6+ Kc8 25. Nxd8 Kxd8 26. Rad1 d5 27. Qc6 Qf7 28. c4 Kc8 29. cxd5 Rd8 30. d6 Ne8 31. Rfe1 Rxd6 32. Rxd6 Nxd6 33. Rxe5 Qf8 34. Qa8+ Kd7 35. Qxf8 1-0